Powiaty w Polsce na literę ł - Statystyki

Ogólne statystyki
  • Ten quiz został rozwiązany 64 razy
  • Średni wynik to 9 z 12
Statystyki odpowiedzi
Odpowiedź % Poprawnych
Łódź
88%
łaski
80%
łęczycki
80%
łowicki
77%
łęczyński
73%
łódzki wschodni
73%
łukowski
73%
Łomża
68%
łomżyński
66%
łańcucki
63%
łobeski
63%
łosicki
55%
Nie znaleziono quizów pasujących do podanych kryteriów
Rozkład punktacji
Procent ludzi z każdym wynikiem
Percentyl według liczby udzielonych odpowiedzi
Twoja historia wyników
Nie rozwiązałeś tego quizu